| 000 | 00649nam a22001937a 4500 | ||
|---|---|---|---|
| 999 |
_c192862 _d192862 |
||
| 005 | 20221007114712.0 | ||
| 010 | _aUR-11740 | ||
| 020 |
_a9789392496875 _c190.00 |
||
| 035 | _aU-10295 | ||
| 037 |
_bDBAD/PUB _a- |
||
| 082 | _a841 | ||
| 100 | _aمحمد مستمر | ||
| 245 |
_aانقلا بی قلند ر : _bمجموعہ غزلیات / _cمحمد مستمر _hا ر د و |
||
| 246 |
_aInqalabi Qalandar / _bby Mohd Mustamir |
||
| 260 |
_aNew Delhi _bEducational Publishing House _c2021 ء |
||
| 270 |
_aH.O. D1/16, Ansari Road, Daryaganj _bNew Delhi _e110002 |
||
| 300 |
_a340 ص _c23cm(Hb) |
||
| 942 |
_2ddc _cUR _h841 _mم ح م |
||